000 00596nam a2200217Ia 4500
003 OSt
005 20220928140203.0
006 a|||||r|||| 00| 0
007 ta
008 220927b |||||||| |||| 00| 0 eng d
024 _a7441
037 _cTextual
040 _aSDCL
_cSDCL
_beng
041 _2eng
_aeng
082 _aX:742.1'N7, L8
100 _aKindlebberger Charles P
_9494570
245 0 _aManias, Panics and crashes
_b A history of financial crises
260 _c1978
942 _hX:742.1'N7, L8
_cTEXL
_2CC
999 _c810525
_d810525